000 00703nam a2200241 a 4500
001 BRCA_5717
005 20190320205206.0
008 030311s1904----gw-######p---#001-0#ger-#
041 _ager
044 _agw
050 4 _aPC4129
_b.L36 1904
100 1 _aLangeheldt, Franz
_914511
245 1 0 _aSauer Kleine Spanische Sprachlehre
_cFranz Langeheldt.
260 _aHeidelberg
_bJulios Groos
_c1904
300 _a218 p.
_c20 cm.
500 _aIncluye índice analítico
500 _aEstado físico: la última hoja tiene escrituras
500 _aH37
650 1 4 _aLenguaje español
_xGramática
_914512
650 1 4 _aDidáctica del aprendizaje
_xEspañol
_914513
902 _aGFM
942 _2lcc
_cB
999 _c5407
_d5407